Primera memoria del Instituto de investigaciones bioquímicas, 1970-1975. /

Guardado en:
Autor Corporativo: Universidad Nacional del Sur. Instituto de investigaciones bioquímicas
Formato: Libro
Idioma:Spanish
Publicado: Bahía Blanca : Instituto de investigaciones bioquímicas, 1975.
Etiquetas: Agregar Etiqueta
Sin Etiquetas, Sea el primero en etiquetar este registro!
LEADER 00642nam a22001455a 4500
001 EUN.um026094
003 AR-BaUNS
005 20050623122903.0
008 041125s1975####ag############000#0#spa#d
245 1 0 |a Primera memoria del Instituto de investigaciones bioquímicas, 1970-1975. /  |c Universidad Nacional del Sur. Instituto de investigaciones bioquímicas. 
260 |a Bahía Blanca :  |b Instituto de investigaciones bioquímicas,  |c 1975. 
300 |a 30 p. 
082 0 4 |a 574.19072 
110 2 |a Universidad Nacional del Sur. Instituto de investigaciones bioquímicas  |c Bahía Blanca. 
859 |a Ar-BaUNS  |b BIB. CENTRAL - Sector C  |h 574.19072  |i B148  |p 74116/976  |v 1970-75